| 000 -ლიდერი |
| ფიქსირებული სიგრძის საკონტროლო ველი |
01754nam a2200241Ia 4500 |
| 001 - საკონტროლო ნომერი |
| საკონტროლო ველი |
10473 |
| 003 - საკონტროლო ნომრის იდენტიფიკატორი |
| საკონტროლო ველი |
GE_BSU |
| 005 - ბოლო ოპერაციის თარიღი და დრო |
| საკონტროლო ველი |
20240219163656.0 |
| 008 - ფიქსირებული სიგრძის მონაცემთა ელემენტები - ზოგადი ინფორმაცია |
| ფიქსირებული სიგრძის საკონტროლო ველი |
181216s2013||||ge |||||||||||||| ||geo|| |
| 020 ## - წიგნის საერთაშორისო სტანდარტული ნომერი |
| International Standard Book Number |
15123162 |
| 041 ## - ენის კოდი |
| Language code of text/sound track or separate title |
geo |
| 080 ## - უნივერსალური ათობითი კლასიფიკაციის ინდექსი |
| Universal Decimal Classification number |
378(479.22)(063) ბ-17 |
| 245 ## - ცნობა სათაურის შესახებ |
| Title |
ბათუმის შოთა რუსთაველის სახელმწიფო უნივერსიტეტი : |
| Remainder of title |
შრომები.V: სოციალურ მეცნიერებათა,ბიზნესისა და სამართალმცოდნეობის ფაკულტეტი / |
| Statement of responsibility, etc |
სარედ.კოლ.ადამ მახარაძე(თავმჯდომარე),ირაკლი მანველიძე(რედაქტორი),მურმან გორგოშაძე და სხვ. |
| 264 ## - წარმოების, გამოცემის, დისტრიბუციის და სხვა ცნობები |
| გამოცემის, წარმოების, დისტრიბუციის... ადგილი |
თბილისი: |
| გამოცემის, წარმოების, დისტრიბუციის... სახელწოდება |
უნივერსალი, |
| გამოცემის, წარმოების, დისტრიბუციის... თარიღი |
2013. |
| 300 ## - ფიზიკური აღწერა |
| Extent |
234 გვ.: |
| Other physical details |
20 სმ. |
| 440 ## - სერიის ცნობა / დამატებულია ჩანაწერი - სათაური |
| Title |
სოციალურ მეცნიერებათა და იურიდულ მეცნიერებათა სერია |
| 9 (RLIN) |
21255 |
| 653 ## - INDEX TERM--UNCONTROLLED |
| Uncontrolled term |
ბათუმის შოთა რუსთაველის სახელმწიფო უნივერსიტეტი |
| 653 ## - INDEX TERM--UNCONTROLLED |
| Uncontrolled term |
სოციალურ მეცნიერებათა,ბიზნესისა და სამართალმცოდნეობის ფაკულტეტი |
| 653 ## - INDEX TERM--UNCONTROLLED |
| Uncontrolled term |
შრომები.V |
| 700 ## - ADDED ENTRY--PERSONAL NAME |
| Personal name |
მახარაძე, ადამ |
| Relator term |
თავმჯდომარე |
| 9 (RLIN) |
5625 |
| 700 ## - ADDED ENTRY--PERSONAL NAME |
| Personal name |
მანველიძე, ირაკლი |
| Relator term |
რედაქტორი |
| 9 (RLIN) |
2014 |
| 942 ## - ADDED ENTRY ELEMENTS (KOHA) |
| Koha item type |
შრომები |
| Source of classification or shelving scheme |
|